| 000 | 01283nam a2200289 a 4500 | ||
|---|---|---|---|
| 001 | 000048441 | ||
| 003 | Ost | ||
| 005 | 20211020114657.0 | ||
| 008 | 190315s2010 dr r 000 j spa d | ||
| 020 | _a9789945873542 | ||
| 040 |
_aDO-SdBNP _bspa _cBPMSU |
||
| 082 |
_aRD863.44 _bB742c, 2010 _222 |
||
| 100 | 1 |
_a Bosch, Juan, _d1909-2001 _91 |
|
| 245 | 1 | 0 |
_aCuentos escritos antes del exilio. / _cJuan Bosch ; prólogo Bruno Rosario Candelier. |
| 260 |
_aSanto Domingo : _bMinisterio de Cultura, _c2010 |
||
| 300 |
_a213p. ; _c23 cm. |
||
| 490 | 0 |
_aCentenario ; _aLiteratura |
|
| 500 | _aIncluye datos biográficos del autor en la solapa de la cubierta | ||
| 505 | 0 |
_aLa mujer -- _tDos pesos de agua -- _tLa verdad -- _tPiloncito -- _tEl resguardo -- _tEl cobarde -- _tChucho -- _tLa pulpería -- _tRevolución -- _tEl abuelo -- _tSombras -- _tEl alzado -- _tLa pájara -- _tEl algarrobo -- _tForzados -- _tEl cuchillo -- _tCundito -- _tGuaraguaos -- _tLa sangre -- _tLucero -- _tLo mejor -- _tSan Andrés -- _tLa negación -- _tCamino real. |
|
| 590 | _aInventariado, 2021/VM | ||
| 650 | 1 | 4 | _aCuentos dominicanos |
| 650 | 4 | _aLiteratura dominicana. | |
| 700 |
_aRosario Candelier, Bruno, _d1941- _epról. |
||
| 700 | z |
_aCandelier, Bruno Rosario, _d1941 |
|
| 910 | _aVMateo V. | ||
| 942 |
_2ddc _cBK |
||
| 999 |
_c13814 _d13814 |
||